000 00334 a2200157 4500
001 74269
020 _a9788526285217
040 _cAnchieta - Colégio São Paulo
100 _aShone, Rob
240 1 0 _aMitos Gregos
_lpor
245 1 0 _aMitos Gregos
300 _a48
362 0 _a2011
650 4 _aLiteratura juvenil
942 _cBK
999 _c74269
_d74269